Statistics for Hunting

Click here to take the quiz!

General Stats

  • This quiz has been taken 471 times
  • The average score is 4 of 8

Answer Stats

WeaponAnswer% Correct
Rifle/Bow/MuzzleloaderDeer
100%
RifleBear
64%
RifleElk
64%
RifleMoose
59%
ShotgunTurkey
59%
ShotgunSquirrel
38%
ShotgunWaterfowl
15%
ShotgunPheasants
6%

Score Distribution

Percentile by Number Answered

Percent of People with Each Score

Your Score History

You have not taken this quiz